|
|
|
|
| LEADER |
01039nab a2200241 i 4500 |
| 001 |
misc61996 |
| 005 |
20230511101750.0 |
| 008 |
230308s1972 hu o 0|| eng d |
| 040 |
|
|
|a SZTE Miscellanea Repozitórium
|b hun
|
| 041 |
|
|
|a eng
|
| 041 |
|
|
|a mon
|
| 100 |
1 |
|
|a Poppe Nikolaj Nikolaevič
|
| 245 |
1 |
3 |
|a On some Mongolian loan words in Evenki
|h [elektronikus dokumentum] /
|c Poppe Nikolaj Nikolaevič
|
| 260 |
|
|
|a Harrassowitz
|b Wiesbaden
|c 1972
|
| 300 |
|
|
|a 95-103
|c 24 cm
|
| 300 |
|
|
|a [9] p.
|c 24 cm
|
| 490 |
0 |
|
|a Central Asiatic journal : international periodical for the languages, literature, history and archaeology of Central Asia;Central Asiatic journal : international periodical for the languages, literature, history and archaeology of Central Asia
|
| 561 |
|
|
|a Németh Gyula hagyaték
|
| 591 |
|
|
|a LOA 2875; NOA 4640
|
| 650 |
|
4 |
|a Bölcsészettudományok
|
| 650 |
|
4 |
|a Nyelvek és irodalom
|
| 695 |
|
|
|a Evenki nyelv - mongol jövevényszavak
|
| 856 |
4 |
0 |
|u http://misc.bibl.u-szeged.hu/61996/1/4640_noa.pdf
|z Dokumentum-elérés
|